LIBRARY & INFORMATION CENTRE, KCAET, TAVANUR

ONLINE PUBLIC ACCESS CATALOGUE (OPAC)

Studies on pulsed electric field assisted extraction of anthocyanin from jamun (Record no. 15543)

MARC details
000 -LEADER
fixed length control field 00465nam a22001457a 4500
003 - CONTROL NUMBER IDENTIFIER
control field OSt
088 ## - REPORT NUMBER
Report number P 435
100 ## - MAIN ENTRY--AUTHOR NAME
Personal name Akhila J Chand
245 ## - TITLE STATEMENT
Title Studies on pulsed electric field assisted extraction of anthocyanin from jamun
260 ## - PUBLICATION, DISTRIBUTION, ETC. (IMPRINT)
Place of publication Tavanur
Name of publisher Department of Processing and food engineering
700 ## - ADDED ENTRY--PERSONAL NAME
Personal name Prince M V (guide)
856 ## - ELECTRONIC LOCATION AND ACCESS
Uniform Resource Identifier https://drive.google.com/open?id=10DHLhf6ZLRTSOgVKCYpHysLaNFN9Kiwo
942 ## - ADDED ENTRY ELEMENTS (KOHA)
Koha item type Theses
Holdings
Home library Current library Shelving location Full call number Accession Number Koha item type Public note
KAUAET KAUAET Reference 664 AKH/S T 435 Theses M.Tech Thesis
free website counter